00000000nam 2200000za 4500
0019.676811
003CaOODSP
00520230926100551
007cr |||||||||||
008150407|1995||||xxc|||||o    f|0| 0 eng d
040 |aCaOODSP|beng
041 |aeng
041 |afre
043 |an-cn---
0861 |aYX44-1985/10-1995-PDF
1101 |aCanada.|bStatutes.
24510|aRevised Statutes of Canada, 1985. Table of the history and disposal of Acts / |h[electronic resource]|c[issued by] Queen's Printer for Canada.
260 |aOttawa - Ontario : |bStatutes |cc1995.
300 |a493p.|btables
500 |a"Prepared under the authority of the Revised Statutes of Canada, 1985 Act"--p.1 of 493.
5203 |a"This volume contains a table describing the history and disposal of all Acts included in the Revised Statutes of Canada ("R.S.C."), 1970, as well as those enacted after the 1970 statute revision and before December 1, 1988, the revision cut-off date for the fourth supplement to R.S.C. 1985. With respect to income tax law for the reasons indicated below the table covers the Income Tax Act, chapter 148 of R.S.C. 1952, and all amendments thereto enacted after the 1952 statute revision and before December 1, 1991, the revision cut-off date for the fifth supplement to R.S.C. 1985. ... The table in this volume is not an official document forming part of the Revised Statutes, but is intended only as a practical guide to assist the user who wishes to trace the history and disposal of certain provisions of law."--Introductory Note, p.2-3 of 493.
590 |a14-22-Supp|b2014-12-24
69007|aLegislation|2gcpds
792 |tLois révisées du Canada (1985). Tableau de l'historique et du traitement des lois / |efre|w(CaOODSP)9.676812
85640|ahttp://publications.gc.ca|qPDF|s9.07 MB|uhttps://publications.gc.ca/collections/collection_2014/lois-statutes/YX44-1985-10-1995.pdf